Bussiness communication (for B. M. S.) / (Record no. 40728)

MARC details
000 -LEADER
fixed length control field 00860nam a22002297a 4500
005 - DATE AND TIME OF LATEST TRANSACTION
control field 20100810150721.0
010 ## - LCCN (DPL NO)
LC control number ENG-99241
020 ## - INTERNATIONAL STANDARD BOOK NUMBER
Terms of availability 140.00
035 ## - SYSTEM CONTROL NUMBER
System control number EN-82773
037 ## - SOURCE OF ACQUISITION
Source of stock number/acquisition DBAD/PUB
082 ## - DEWEY DECIMAL CLASSIFICATION NUMBER
Classification number 658.45
100 ## - MAIN ENTRY--PERSONAL NAME
Personal name Rai, Urmila
245 ## - TITLE STATEMENT
Title Bussiness communication (for B. M. S.) /
Statement of responsibility, etc by Urmila Rai [and] S. M. Rai
260 ## - PUBLICATION, DISTRIBUTION, ETC. (IMPRINT)
Place of publication, distribution, etc New Delhi
Name of publisher, distributor, etc Himalaya Publishing House
Date of publication, distribution, etc 2008
270 ## - ADDRESS
Address "Pooja Apartments", 4-B, Murari Lal Street, Ansari Road, Darya Ganj
City New Delhi
Postal code 110002
300 ## - PHYSICAL DESCRIPTION
Extent 219p.
Dimensions 24cm (pbk)
650 ## - SUBJECT ADDED ENTRY--TOPICAL TERM
Topical term or geographic name as entry element Communication in organisations
650 ## - SUBJECT ADDED ENTRY--TOPICAL TERM
Topical term or geographic name as entry element Bussiness waiting
700 ## - ADDED ENTRY--PERSONAL NAME
Personal name Rai, S. M.
9 (RLIN) 10300
942 ## - ADDED ENTRY ELEMENTS (KOHA)
Source of classification or shelving scheme Dewey Decimal Classification
Item type English Books
Classification part 658.45
Call number suffix RAI
Holdings
Withdrawn status Lost status Not for loan Collection code Home library Current library Date acquired Source of acquisition Cost, normal purchase price Full call number Barcode Copy number Cost, replacement price Koha item type
    Not For Loan Non-fiction D.B.Act.Division D.B.Act.Division 10/08/2010 DBAD/PUB 140.00 658.45 RAI EN-82773 1 140.00 English Books

© Delhi Public Library
Hit Counter
free hit counter